| 000 | 00524nam a2200157 a 4500 | ||
|---|---|---|---|
| 005 | 20140412111245.0 | ||
| 008 | 010328s19uu xx 00 eng d | ||
| 050 |
_aTR(GS 371.3 _bS26 1993 |
||
| 100 | _aSaphier, Jon | ||
| 245 |
_aSummarizers : _bactivity structures to support integration and retention of new learning / _cJon Saphier ; Mary Ann Haley. |
||
| 260 |
_aMassachusetts : _bResearch for Better Teaching, Inc, _c1993. |
||
| 300 | _a65 p. | ||
| 650 | _aActivity structures | ||
| 650 | _aEducation | ||
| 999 |
_c102907 _d102907 |
||